Resultados de la VII encuesta de caracterización socioeconómica nacional, CASEN 1998
Sábháilte in:
| Údair chorparáideacha: | , |
|---|---|
| Formáid: | LEABHAR |
| Teanga: | Spáinnis |
| Foilsithe / Cruthaithe: |
Santiago
MIDEPLAN
2000
|
| Sraith: | Documentos, 15
|
| Ábhair: | |
| Clibeanna: |
Cuir clib leis
Níl clibeanna ann, Bí ar an gcéad duine le clib a chur leis an taifead seo!
|
MARC
| LEADER | 00000nam a2200000 a 4500 | ||
|---|---|---|---|
| 001 | UCN6505 | ||
| 003 | CL-VaPUC | ||
| 008 | 010928e20000000CL |||||||||||||||||spa|d | ||
| 082 | 0 | 4 | |a 305.4 |b MIN |2 21 |
| 110 | 2 | |a Ministerio de Planificación y Cooperación |e author |9 462169 | |
| 710 | 2 | |a MIDEPLAN |e author |9 462170 | |
| 245 | 1 | 0 | |a Resultados de la VII encuesta de caracterización socioeconómica nacional, CASEN 1998 |
| 246 | 1 | 0 | |a Perfil de la mujer adulta mayor |
| 300 | |a 55 p | ||
| 942 | |c BK | ||
| 945 | |d 20010928 00:00:00 |a vberengu | ||
| 260 | |a Santiago |b MIDEPLAN |c 2000 | ||
| 650 | 0 | |a Mujeres |9 257649 | |
| 650 | 0 | |a Pobreza |9 258652 | |
| 650 | 0 | |a Condiciones de vida |9 337437 | |
| 650 | 0 | |a Población |9 257577 | |
| 650 | 7 | |a INGRESO |2 CL-VaPUC |9 334287 | |
| 650 | 0 | |a Salud |9 258663 | |
| 650 | 7 | |a EDUCACION DE LA MUJER |2 CL-VaPUC |9 307884 | |
| 651 | 7 | |a CHILE |2 CL-VaPUC |9 462171 | |
| 583 | |a last modification |c 20010928 00:00:00 |k Rodrigo Vera | ||
| 490 | 0 | |a Documentos, 15 | |
| 999 | |c 297253 |d 297251 | ||
| 952 | |0 0 |1 0 |4 0 |6 305_400000000000000_MIN_2000 |7 0 |8 A |9 351827 |a BIBGIM |b BIBGIM |d 2019-11-21 |i 3728757 |o 305.4 MIN 2000 |p 3728757 |r 2025-01-15 |w 2019-11-21 |y BK |k SSL | ||
| 952 | |0 0 |1 0 |4 0 |6 305_400000000000000_MIN_2000 |7 0 |8 A |9 351828 |a BIBGIM |b BIBGIM |d 2019-11-21 |i 3736598 |o 305.4 MIN 2000 |p 3736598 |r 2025-01-15 |w 2019-11-21 |y BK |k GIM | ||